000 00683nam a2200253Ia 4500
003 OSt
005 20220912145451.0
006 a|||||r|||| 00| 0
007 ta
008 220909b |||||||| |||| 00| 0 eng d
024 _a67432
037 _b091/06-07, 27/09/2006, N R Book Distributors
037 _cTextual
040 _aCSL
_beng
_cCSL
041 _aeng
082 _aL9F:31, 156K0 CL
100 _aAmin
245 0 _aSuvavad pahelaviane pachini sambhal
260 _c1960
300 _ap.
_ccm.
650 _aMedicine
942 _hL9F:31, 156K0 CL
_cTEXL
_2CC
999 _c32447
_d32447